[Event "CZE-ch U10"]
[Site "Kouty nad Desnou"]
[Date "2024.03.14"]
[Round "7"]
[White "Bartak, Tobias"]
[Black "Trejbal, Jindrich1"]
[Result "0-1"]
[WhiteElo "1545"]
[BlackElo "1635"]
[PlyCount "54"]
[EventDate "2024.03.09"]
[EventType "swiss"]
[EventRounds "9"]
[EventCountry "CZE"]
[SourceTitle "CB12_2024"]
[SourceDate "2023.10.01"]
[SourceVersion "1"]
[SourceVersionDate "2023.10.01"]
[SourceQuality "1"]

1. d4 g6 2. Nf3 Bg7 3. g3 e6 4. Bg2 Ne7 5. 0-0 0-0 6. c4 b6 7. Nc3 Bb7 8. e3 d6 9. Qc2 Nd7 10. Bd2 c5 11. Rfd1 a6 12. a4 Qc7 13. b3 Nf6 14. Be1 Rad8 15. Qa2 Nc6 16. d5 exd5 17. Nxd5 Nxd5 18. cxd5 Nb4 19. Bxb4 Bxa1 20. Qxa1 cxb4 21. Rc1 Qe7 22. Qd4 Rc8 23. Rd1 Rc5 24. Ne1 Rfc8 25. Nd3 Rc3 26. Qxb4 Qd7 27. Qxb6 Rxd3 0-1

[Event "CZE-ch U10"]
[Site "Kouty nad Desnou"]
[Date "2024.03.11"]
[Round "4"]
[White "Bartak, Tobias"]
[Black "Rybar, Vojta"]
[Result "1-0"]
[WhiteElo "1545"]
[BlackElo "1435"]
[PlyCount "91"]
[EventDate "2024.03.09"]
[EventType "swiss"]
[EventRounds "9"]
[EventCountry "CZE"]
[SourceTitle "CB12_2024"]
[SourceDate "2023.10.01"]
[SourceVersion "1"]
[SourceVersionDate "2023.10.01"]
[SourceQuality "1"]

1. e4 c5 2. Nc3 e6 3. Nf3 d5 4. d3 Nc6 5. g3 Nf6 6. Bg2 dxe4 7. Nxe4 Nxe4 8. dxe4 Qxd1+ 9. Kxd1 b6 10. Bf4 Bb7 11. c3 0-0-0+ 12. Kc2 Bd6 13. Bxd6 Rxd6 14. Ng5 Rd7 15. Rad1 Rhd8 16. Rxd7 Rxd7 17. Nxh7 f6 18. Nf8 Rd6 19. Rd1 Rxd1 20. Kxd1 Nd8 21. Ng6 f5 22. f3 Nf7 23. exf5 exf5 24. Ne7+ Kd7 25. Nxf5 g6 26. Ne3 Ne5 27. f4 Nf3 28. Ke2 Ng1+ 29. Kf2 Bxg2 30. Kxg2 Ne2 31. Kf3 Nc1 32. a3 Nd3 33. b3 Ke6 34. Kg4 Nf2+ 35. Kg5 Kf7 36. Ng4 Ne4+ 37. Kh6 Nxc3 38. Ne5+ Kf6 39. Nxg6 Nb5 40. g4 Nd4 41. g5+ Kf7 42. Ne5+ Kg8 43. g6 Nxb3 44. Nc6 c4 45. Ne7+ Kf8 46. g7+ 1-0

[Event "CZE-ch U10"]
[Site "Teplice"]
[Date "2023.11.16"]
[Round "4"]
[White "Bartak, Tobias"]
[Black "Bejvl, Antonin"]
[Result "1/2-1/2"]
[WhiteElo "1234"]
[BlackElo "1000"]
[PlyCount "59"]
[EventDate "2023.11.15"]
[EventType "swiss"]
[EventRounds "9"]
[EventCountry "CZE"]
[SourceTitle "CB47_2023"]
[SourceDate "2023.11.22"]
[SourceVersion "1"]
[SourceVersionDate "2023.11.22"]
[SourceQuality "1"]

1. e4 c5 2. Nf3 Nc6 3. Bb5 e6 4. 0-0 Qc7 5. Bxc6 Qxc6 6. e5 d6 7. exd6 Bxd6 8. d3 b6 9. b3 Ne7 10. Bb2 0-0 11. Nbd2 Bb7 12. Nc4 Bc7 13. Qd2 f6 14. Rfe1 Nf5 15. Qe2 Rfe8 16. Ncd2 Rad8 17. Qe4 Qxe4 18. Nxe4 e5 19. Rad1 Re7 20. Nfd2 Kf7 21. Nc4 Red7 22. g4 Nd6 23. Ncxd6+ Bxd6 24. h4 g6 25. g5 f5 26. Ng3 Re8 27. h5 Rde7 28. hxg6+ hxg6 29. Kf1 Re6 30. Bc1 1/2-1/2